000
00326nam a2200133Ia 4500
008
231129s1998||||xx |||||||||||||| ||spa||
040
_b
spa
082
_a
371.3078 R436e
100
_a
Restrepo Luis Carlos
245
0
_a
Escuela Siglo XXI
260
_c
1998
264
_a
Cooperativa Editorial Magisterio
942
_2
ddc
_c
BKS
999
_c
13381
_d
13381